[Event "Enschede op-C U14"]
[Site "Enschede"]
[Date "2009.08.05"]
[Round "6"]
[White "Edens, Melle"]
[Black "Hartog, Frank"]
[Result "1/2-1/2"]
[WhiteElo "1652"]
[BlackElo "1643"]
[PlyCount "66"]
[EventDate "2009.08.03"]
[EventType "swiss"]
[EventRounds "7"]
[EventCountry "NED"]
[SourceTitle "CBM 132 Extra"]
[Source "ChessBase"]
[SourceDate "2009.11.03"]
[SourceVersion "1"]
[SourceVersionDate "2009.11.03"]
[SourceQuality "1"]

1. e4 c5 2. Nf3 d6 3. Bb5+ Bd7 4. Bxd7+ Qxd7 5. 0-0 Nc6 6. c3 Nf6 7. Re1 g6 8. d3 Bg7 9. Nbd2 0-0 10. Nf1 d5 11. e5 Ne8 12. Qe2 Nc7 13. Ng3 Ne6 14. h4 h5 15. Bg5 d4 16. c4 Rfe8 17. Qd2 Qc7 18. Bf4 Nb4 19. Bg5 Nc6 20. Qe2 f6 21. Bd2 Nxe5 22. Nxe5 Qxe5 23. Qf3 Qd6 24. Ne4 Qc7 25. g4 Kf7 26. gxh5 gxh5 27. Ng5+ Nxg5 28. Qxh5+ Kg8 29. hxg5 fxg5 30. Bxg5 e5 31. Re4 Qf7 32. Qxf7+ Kxf7 33. Rae1 Re6 1/2-1/2

[Event "NED-ch U15"]
[Site "Venlo"]
[Date "2009.04.28"]
[Round "5"]
[White "Vos, Tjark"]
[Black "Edens, Melle"]
[Result "1-0"]
[WhiteElo "1762"]
[BlackElo "1724"]
[PlyCount "103"]
[EventDate "2009.04.24"]
[EventType "swiss"]
[EventRounds "9"]
[EventCountry "NED"]
[SourceTitle "EXT 2013"]
[Source "ChessBase"]
[SourceDate "2012.11.22"]
[SourceVersion "1"]
[SourceVersionDate "2012.11.22"]
[SourceQuality "1"]

1. e4 e6 2. d4 d5 3. Nd2 dxe4 4. Nxe4 Bd7 5. g3 Bc6 6. f3 Nd7 7. Be3 Ngf6 8. Bg2 Be7 9. Ne2 Bxe4 10. fxe4 c5 11. c3 Qa5 12. dxc5 Rd8 13. b4 Qc7 14. Qb3 0-0 15. 0-0 Ng4 16. Bc1 Nde5 17. Nd4 Nd3 18. Nxe6 Qe5 19. Nd4 Nxc5 20. bxc5 Rxd4 21. Rf5 Bxc5 22. Be3 Rxe4 23. Rxe5 Bxe3+ 24. Kf1 Nxh2+ 25. Ke2 Rxe5 26. Bh3 Bb6+ 27. Kd3 Rd8+ 28. Kc4 Re4+ 29. Kb5 Rd6 30. c4 Bd4 31. c5 a6+ 32. Ka5 Bxc5 33. Rc1 Re5 34. Qxb7 Bf2+ 35. Ka4 Rd4+ 36. Kb3 Re3+ 37. Rc3 Rxc3+ 38. Kxc3 Rd8 39. Qg2 Be1+ 40. Kc4 Ba5 41. Qxh2 g6 42. Qe2 h6 43. Qe3 Bd2 44. Qb6 Bg5 45. Qxa6 Rd2 46. a4 Rc2+ 47. Kb3 Rf2 48. Qb7 Re2 49. a5 Re3+ 50. Kc4 Kg7 51. a6 Rxg3 52. Be6 1-0

[Event "NED-ch U15"]
[Site "Venlo"]
[Date "2009.04.26"]
[Round "3"]
[White "Beerdsen, Thomas"]
[Black "Edens, Melle"]
[Result "1/2-1/2"]
[WhiteElo "1650"]
[BlackElo "1724"]
[PlyCount "69"]
[EventDate "2009.04.24"]
[EventType "swiss"]
[EventRounds "9"]
[EventCountry "NED"]
[SourceTitle "EXT 2013"]
[Source "ChessBase"]
[SourceDate "2012.11.22"]
[SourceVersion "1"]
[SourceVersionDate "2012.11.22"]
[SourceQuality "1"]

1. e4 e6 2. d4 d5 3. Nc3 Bb4 4. e5 c5 5. a3 Bxc3+ 6. bxc3 Qc7 7. Qg4 f5 8. Qg3 cxd4 9. cxd4 Ne7 10. Bd2 0-0 11. Bd3 Nbc6 12. Ne2 Na5 13. Nf4 Nc4 14. Bc1 Nxe5 15. Be2 N5c6 16. Bb2 Na5 17. 0-0 Nc4 18. Nxd5 Qxg3 19. Nxe7+ Kf7 20. fxg3 Nxb2 21. Nxc8 Raxc8 22. Rf2 g6 23. Bb5 a6 24. Rb1 axb5 25. Rxb2 Rfd8 26. Rxb5 Rxd4 27. Rxb7+ Kf6 28. Re2 Ra4 29. Rb6 Rxa3 30. Rbxe6+ Kg5 31. Rd2 Rac3 32. Ree2 Kg4 33. Kf2 R8c6 34. Kg1 h6 35. Kf2 1/2-1/2

[Event "NED-ch U15"]
[Site "Venlo"]
[Date "2009.04.25"]
[Round "2"]
[White "Edens, Melle"]
[Black "Slenderbroek, Tim"]
[Result "0-1"]
[WhiteElo "1724"]
[BlackElo "1378"]
[PlyCount "52"]
[EventDate "2009.04.24"]
[EventType "swiss"]
[EventRounds "9"]
[EventCountry "NED"]
[SourceTitle "EXT 2013"]
[Source "ChessBase"]
[SourceDate "2012.11.22"]
[SourceVersion "1"]
[SourceVersionDate "2012.11.22"]
[SourceQuality "1"]

1. e4 e5 2. Nc3 Nf6 3. f4 Nc6 4. fxe5 Nxe5 5. d4 Ng6 6. Nf3 Bb4 7. Bd3 d5 8. Bd2 Bxc3 9. Bxc3 dxe4 10. Bc4 exf3 11. 0-0 0-0 12. Qxf3 Be6 13. Bxe6 fxe6 14. Qxb7 Nd5 15. Rxf8+ Qxf8 16. Qc6 Qe8 17. Qb7 Ngf4 18. Re1 Rd8 19. g3 Qg6 20. Kh1 Nh3 21. Qc6 Nf2+ 22. Kg2 Ne4 23. Rf1 Ne3+ 24. Kg1 Nxf1 25. Qxc7 Rf8 26. d5 Nxc3 0-1

[Event "Twente Young Master op-D"]
[Site "Twente"]
[Date "2007.08.10"]
[Round "9"]
[White "Bitalzadeh, Mahsa"]
[Black "Edens, Melle"]
[Result "1/2-1/2"]
[WhiteElo "1465"]
[BlackElo "1494"]
[PlyCount "124"]
[EventDate "2007.08.06"]
[EventType "swiss"]
[EventRounds "13"]
[EventCountry "NED"]
[SourceTitle "EXT 2008"]
[Source "ChessBase"]
[SourceDate "2007.11.25"]
[SourceVersion "1"]
[SourceVersionDate "2007.11.25"]
[SourceQuality "1"]

1. e4 e6 2. Nc3 d5 3. exd5 exd5 4. d4 c6 5. Nf3 Bd6 6. Bd3 Nf6 7. 0-0 0-0 8. Bg5 Bg4 9. h3 Bh5 10. Re1 Nbd7 11. Bf5 Qc7 12. Qd3 Bg6 13. Bxg6 hxg6 14. Re2 Nh5 15. Rae1 Ndf6 16. Ne5 Rfe8 17. g4 Re6 18. gxh5 gxh5 19. Qf3 Rae8 20. Bf4 Nh7 21. Nd3 Rg6+ 22. Kf1 Rxe2 23. Rxe2 Bxf4 24. Qxf4 Qc8 25. Re3 Rf6 26. Qg3 h4 27. Qxh4 Rh6 28. Qg4 Qd8 29. Ne5 Nf6 30. Qf4 Qc8 31. h4 Rh5 32. Qg3 c5 33. Rf3 Rh6 34. Nb5 Ne4 35. Qf4 Rf6 36. Qe3 Rxf3 37. Nxf3 cxd4 38. Nbxd4 Qc4+ 39. Qd3 Qxa2 40. Qb3 Qa6+ 41. Qb5 Qg6 42. Qxd5 Qg4 43. Qf5 Qxf5 44. Nxf5 g6 45. N5d4 a6 46. Ke2 Kg7 47. c4 Kf6 48. Ke3 Nc5 49. b4 Na4 50. c5 Nc3 51. Kd3 Nd1 52. c6 bxc6 53. Nxc6 Nxf2+ 54. Kc4 Ne4 55. Nb8 Nd6+ 56. Kc5 Ne4+ 57. Kc6 Nc3 58. Nxa6 Kg7 59. Nd4 f6 60. Nc5 g5 61. hxg5 fxg5 62. Nb5 Na2 1/2-1/2

[Event "Twente Young Master op-D"]
[Site "Twente"]
[Date "2007.08.10"]
[Round "11"]
[White "Knottnerus, Ivo"]
[Black "Edens, Melle"]
[Result "0-1"]
[WhiteElo "1388"]
[BlackElo "1494"]
[PlyCount "62"]
[EventDate "2007.08.06"]
[EventType "swiss"]
[EventRounds "13"]
[EventCountry "NED"]
[SourceTitle "EXT 2008"]
[Source "ChessBase"]
[SourceDate "2007.11.25"]
[SourceVersion "1"]
[SourceVersionDate "2007.11.25"]
[SourceQuality "1"]

1. e4 e6 2. d4 d5 3. Nd2 Nf6 4. e5 Nfd7 5. Bd3 c5 6. c3 Nc6 7. Ngf3 Be7 8. Qc2 c4 9. Be2 b5 10. a3 Bb7 11. b3 Na5 12. b4 Nc6 13. Bb2 Nb6 14. Bd1 Qc7 15. Nf1 a5 16. Ng3 Kd7 17. Qb1 axb4 18. axb4 Rxa1 19. Qxa1 Ra8 20. Qb1 Nxb4 21. cxb4 Bxb4+ 22. Ke2 Na4 23. Bxa4 Rxa4 24. Rc1 Ba5 25. Nd2 b4 26. Ngf1 Qb6 27. Ba1 Ba6 28. Ne3 c3+ 29. Kd1 cxd2 30. Kxd2 Qb5 31. Re1 b3+ 0-1

[Event "Twente Young Master op-D"]
[Site "Twente"]
[Date "2007.08.09"]
[Round "8"]
[White "Edens, Melle"]
[Black "Ocelik, Vaclav"]
[Result "1/2-1/2"]
[WhiteElo "1494"]
[BlackElo "1609"]
[PlyCount "65"]
[EventDate "2007.08.06"]
[EventType "swiss"]
[EventRounds "13"]
[EventCountry "NED"]
[SourceTitle "EXT 2008"]
[Source "ChessBase"]
[SourceDate "2007.11.25"]
[SourceVersion "1"]
[SourceVersionDate "2007.11.25"]
[SourceQuality "1"]

1. e4 c5 2. Nf3 d6 3. Bb5+ Bd7 4. Bxd7+ Qxd7 5. d4 cxd4 6. Nxd4 Nf6 7. Nc3 g6 8. Be3 Bg7 9. f3 Nc6 10. 0-0 0-0 11. Qd2 Ne5 12. b3 Rac8 13. Nce2 a6 14. c4 Rfd8 15. Rac1 e6 16. Nc3 d5 17. exd5 exd5 18. Nxd5 Nxd5 19. cxd5 Qxd5 20. Rfd1 Rxc1 21. Rxc1 Nc6 22. Nxc6 Qxd2 23. Bxd2 Rxd2 24. Na5 Bd4+ 25. Kh1 Rxa2 26. Nxb7 Rb2 27. g3 Rxb3 28. Nd6 Rxf3 29. Rc8+ Kg7 30. Ne8+ Kh6 31. Rc4 Re3 32. Nd6 Be5 33. Nxf7+ 1/2-1/2

[Event "Twente Young Master op-D"]
[Site "Twente"]
[Date "2007.08.07"]
[Round "4"]
[White "Evengroen, Bernard"]
[Black "Edens, Melle"]
[Result "0-1"]
[WhiteElo "1336"]
[BlackElo "1494"]
[PlyCount "56"]
[EventDate "2007.08.06"]
[EventType "swiss"]
[EventRounds "13"]
[EventCountry "NED"]
[SourceTitle "EXT 2008"]
[Source "ChessBase"]
[SourceDate "2007.11.25"]
[SourceVersion "1"]
[SourceVersionDate "2007.11.25"]
[SourceQuality "1"]

1. e4 e6 2. Nf3 d5 3. e5 c5 4. d4 Nc6 5. c3 Qb6 6. Be2 Bd7 7. 0-0 cxd4 8. cxd4 Nge7 9. Nc3 Nf5 10. Bb5 Bb4 11. Bxc6 Bxc6 12. a3 Bxc3 13. bxc3 0-0 14. Bd2 Rac8 15. Rb1 Qc7 16. Ng5 h6 17. Nh3 a6 18. Qg4 f6 19. Nf4 Qf7 20. Qg6 Ne7 21. Qxf7+ Kxf7 22. exf6 gxf6 23. Nd3 Bb5 24. Nc5 Bxf1 25. Kxf1 e5 26. Bxh6 Rh8 27. Be3 Rxh2 28. Kg1 Rch8 0-1

[Event "Twente Young Master op-D"]
[Site "Twente"]
[Date "2007.08.06"]
[Round "1"]
[White "Edens, Melle"]
[Black "Von Ehrenhelm, Hettfleisch"]
[Result "1-0"]
[WhiteElo "1494"]
[BlackElo "997"]
[PlyCount "67"]
[EventDate "2007.08.06"]
[EventType "swiss"]
[EventRounds "13"]
[EventCountry "NED"]
[SourceTitle "EXT 2008"]
[Source "ChessBase"]
[SourceDate "2007.11.25"]
[SourceVersion "1"]
[SourceVersionDate "2007.11.25"]
[SourceQuality "1"]

1. e4 e5 2. Nc3 Nc6 3. Bc4 Nf6 4. Nf3 Bc5 5. d3 h6 6. Be3 Bxe3 7. fxe3 d6 8. 0-0 Be6 9. Bb3 0-0 10. Qd2 a6 11. Rae1 Bxb3 12. axb3 Nb4 13. Re2 Qd7 14. Qe1 Rfe8 15. Nh4 Re6 16. Nf5 Nh5 17. Qh4 g6 18. Nxh6+ Kg7 19. Rxf7+ Qxf7 20. Nxf7 Kxf7 21. Rf2+ Rf6 22. g4 Rxf2 23. Qxf2+ Nf6 24. g5 Rf8 25. Qxf6+ Ke8 26. Qxg6+ Ke7 27. Nd5+ Nxd5 28. exd5 c5 29. Qe6+ Kd8 30. Qxd6+ Ke8 31. Qxf8+ Kxf8 32. Kg2 Kf7 33. Kg3 Ke7 34. Kg4 1-0

[Event "NED-ch U13"]
[Site "Rijswijk"]
[Date "2007.05.18"]
[Round "6"]
[White "Bruggeman, Kevin"]
[Black "Edens, Melle"]
[Result "1/2-1/2"]
[WhiteElo "1454"]
[BlackElo "1534"]
[PlyCount "37"]
[EventDate "2007.05.17"]
[EventType "swiss"]
[EventRounds "9"]
[EventCountry "NED"]
[SourceTitle "EXT 2009"]
[Source "ChessBase"]
[SourceDate "2008.11.26"]
[SourceVersion "1"]
[SourceVersionDate "2008.11.26"]
[SourceQuality "1"]

1. e4 e6 2. d4 d5 3. Nc3 Bb4 4. e5 c5 5. a3 Bxc3+ 6. bxc3 Qc7 7. Qg4 f5 8. Qg3 Nc6 9. Nh3 cxd4 10. Bb5 dxc3 11. Bxc6+ bxc6 12. Qxc3 Ne7 13. 0-0 0-0 14. f4 c5 15. a4 Bb7 16. Ba3 Rac8 17. Rab1 Ba6 18. Rf3 Ng6 19. Ng5 1/2-1/2

[Event "NED-ch U13"]
[Site "Rijswijk"]
[Date "2007.05.18"]
[Round "5"]
[White "Edens, Melle"]
[Black "Roeleveld, Koos"]
[Result "1-0"]
[WhiteElo "1534"]
[BlackElo "1311"]
[PlyCount "106"]
[EventDate "2007.05.17"]
[EventType "swiss"]
[EventRounds "9"]
[EventCountry "NED"]
[SourceTitle "EXT 2009"]
[Source "ChessBase"]
[SourceDate "2008.11.26"]
[SourceVersion "1"]
[SourceVersionDate "2008.11.26"]
[SourceQuality "1"]

1. e4 d5 2. exd5 Nf6 3. Nc3 Nxd5 4. Nf3 Bg4 5. Be2 e6 6. Ne5 Bf5 7. d3 Bd6 8. Nc4 Nd7 9. Nxd5 exd5 10. Nxd6+ cxd6 11. Bf4 Nf6 12. Qd2 Qd7 13. 0-0 0-0 14. Rfe1 Rfe8 15. Bf3 Re6 16. Bg5 Qe7 17. Bxf6 Qxf6 18. c3 Rae8 19. Bxd5 R6e7 20. d4 Qg5 21. Rxe7 Qxe7 22. Kf1 Be6 23. Bxe6 fxe6 24. Re1 Qh4 25. Re3 d5 26. Kg1 Re7 27. Qe2 Qh6 28. Qf3 Qg6 29. Re1 Qc2 30. Qe2 Qa4 31. a3 b5 32. Qd1 Qc4 33. Re5 a5 34. Qe2 Qb3 35. Rxe6 Rxe6 36. Qxe6+ Kf8 37. Qc8+ Ke7 38. Qc7+ Kf6 39. Qe5+ Kf7 40. Qf4+ Ke6 41. Qc1 b4 42. Qe1+ Kd6 43. axb4 axb4 44. cxb4 Qxb2 45. Qe5+ Kc6 46. g3 Qxb4 47. Qxg7 Qe1+ 48. Kg2 Qe4+ 49. Kh3 Qe6+ 50. Qg4 Qe4 51. Qxe4 dxe4 52. Kg4 Kd5 53. Kf4 Kxd4 1-0